01099ngm a2200325 4500003000400000005001700004007000500021008004100026010002000067024002300087035002000110040001300130082001400143245007200157260003200229300005100261440003200312500003600344500007000380500006300450538004900513538007900562650001900641700001900660700001800679700001800697700002200715700001700737700001900754dpl20100315134942.0DVD ||||||sp199 xxu|||||c ||| 00| 0 ng d  aDVD-006711-6718 c45.00aSHE 2106 F2 aDVD-006711-6718 aDPLcDPL aDVD NAMA aNamak HalalcChaudhary Enterprises Presentsh[videorecording] VCD/ bShemaroo Home Entertainment a2 videodisc VCD; bsd., col. ;c4 3/4 in.fVCD aShemaroo Home Entertainment aMastered From The Original Film aThis Title in Completed with 2 Disc. Not to be sold individually. aFilmfare Award Winner: Best Playback Singer- Kishore Kumar aDolby Digital 5.1 - Hindi Subtitles: English aNTSC Format-All Regions, 16x9 Anamorphic (2:23.1 Aspect Ratio), Dual Layer aMotion Picture aMehra, Prakash aSatyendra Pal aLahiri, Bappi aBachchan, amitabh aPatil, Smita aKapoor, Shashi